[Event "Titled Tuesday intern op 11th Jul Early"]
[Site "Chess.com INT"]
[Date "2023.07.11"]
[Round "11"]
[White "Ambartsumova, Karina"]
[Black "Jarovinsky, Alexey"]
[Result "1-0"]
[WhiteElo "2393"]
[BlackElo "2305"]
[PlyCount "79"]
[EventDate "2023.07.11"]
[EventType "swiss (blitz)"]
[EventRounds "11"]
[EventCountry "USA"]
[SourceTitle "EXT 2024"]
[Source "ChessBase"]
[SourceDate "2023.10.10"]
[SourceVersion "1"]
[SourceVersionDate "2023.10.10"]
[SourceQuality "1"]

1. d4 c5 2. d5 g6 3. c4 d6 4. Nc3 Bg7 5. Nf3 Nf6 6. e4 0-0 7. Be2 e6 8. 0-0 exd5 9. cxd5 Bg4 10. h3 Bxf3 11. Bxf3 Nbd7 12. Qc2 a6 13. a4 Re8 14. Bf4 Ne5 15. Be2 c4 16. Bxe5 Rxe5 17. Bxc4 Rc8 18. Bd3 Nd7 19. Rae1 Qb6 20. Kh1 Ree8 21. f4 Nc5 22. Qf2 Qb4 23. Bb1 Nxa4 24. Nxa4 Qxa4 25. e5 Qd7 26. Qd4 Qc7 27. exd6 Qxd6 28. Qd2 Red8 29. Rd1 Qb6 30. Rf2 Rd6 31. f5 Rcd8 32. Be4 a5 33. fxg6 fxg6 34. Rdf1 Qc7 35. Qd3 Qe7 36. Re2 Qd7 37. Bf3 Re8 38. Rfe1 Rxe2 39. Qxe2 h5 40. Qd3 1-0

[Event "Titled Tuesday intern op 11th Jul Late"]
[Site "Chess.com INT"]
[Date "2023.07.11"]
[Round "3"]
[White "Fedoseev, Vladimir1111"]
[Black "Jarovinsky, Alexey"]
[Result "1-0"]
[WhiteElo "2676"]
[BlackElo "2305"]
[PlyCount "67"]
[EventDate "2023.07.11"]
[EventType "swiss (blitz)"]
[EventRounds "11"]
[EventCountry "USA"]
[SourceTitle "EXT 2024"]
[Source "ChessBase"]
[SourceDate "2023.10.10"]
[SourceVersion "1"]
[SourceVersionDate "2023.10.10"]
[SourceQuality "1"]

1. Nf3 Nc6 2. h4 e5 3. h5 e4 4. Nh4 d5 5. d3 Bc5 6. dxe4 Qf6 7. e3 dxe4 8. Nc3 Qe5 9. g3 Nf6 10. h6 g5 11. Ng2 Bg4 12. Be2 Rd8 13. Bd2 Qf5 14. Bxg4 Nxg4 15. Qe2 Qf3 16. Rg1 Nce5 17. 0-0-0 Qxe2 18. Nxe2 Nxf2 19. Rdf1 Nfg4 20. Bc3 Ke7 21. Rh1 f6 22. Bxe5 fxe5 23. Nc3 Nxe3 24. Nxe3 Bxe3+ 25. Kb1 Rhf8 26. Rxf8 Kxf8 27. Nxe4 Kf7 28. c3 Kg6 29. Kc2 Rf8 30. Kd3 Bb6 31. Ke2 g4 32. Rh4 Kf5 33. Nd2 Rf6 34. a4 1-0

[Event "Titled Tuesday intern op 11th Jul Late"]
[Site "Chess.com INT"]
[Date "2023.07.11"]
[Round "7"]
[White "Jarovinsky, Alexey"]
[Black "Bressy, Theo"]
[Result "1-0"]
[WhiteElo "2305"]
[BlackElo "2224"]
[PlyCount "194"]
[EventDate "2023.07.11"]
[EventType "swiss (blitz)"]
[EventRounds "11"]
[EventCountry "USA"]
[SourceTitle "EXT 2024"]
[Source "ChessBase"]
[SourceDate "2023.10.10"]
[SourceVersion "1"]
[SourceVersionDate "2023.10.10"]
[SourceQuality "1"]

1. Nc3 e6 2. e4 d5 3. g3 d4 4. Nce2 c5 5. Bg2 Nc6 6. d3 Nf6 7. f4 e5 8. h3 h5 9. Nf3 Bd6 10. 0-0 Qe7 11. fxe5 Nxe5 12. Bg5 Bd7 13. Nf4 Nxf3+ 14. Qxf3 Bc6 15. Nd5 Bxd5 16. exd5 0-0-0 17. Rae1 Qc7 18. Bxf6 gxf6 19. Qxf6 Rdf8 20. Rf5 Rhg8 21. g4 hxg4 22. hxg4 Rxg4 23. Kf1 Kb8 24. Re4 Rg3 25. Qh6 Rfg8 26. Re2 a6 27. Rf6 Be5 28. d6 Qd7 29. Rff2 Bxd6 30. Qh5 R3g7 31. Qd5 Qc6 32. Qxc6 bxc6 33. Rf6 Kc7 34. Ref2 Be5 35. Rxf7+ Rxf7 36. Rxf7+ Kd6 37. Ra7 Rf8+ 38. Ke2 Bg3 39. Bf3 Re8+ 40. Be4 Rf8 41. Rxa6 Rf2+ 42. Kd1 Bf4 43. Rxc6+ Kd7 44. Rf6 Rd2+ 45. Ke1 Be3 46. Rf5 Rxc2 47. a4 Rxb2 48. Rxc5 Ra2 49. a5 Kd6 50. Rd5+ Ke6 51. Rh5 Bd2+ 52. Ke2 Rxa5 53. Rh4 Be3 54. Kf3 Ra2 55. Rh5 Rf2+ 56. Kg3 Rd2 57. Rb5 Rf2 58. Rb6+ Ke5 59. Rb5+ Kd6 60. Ra5 Kd7 61. Kg4 Kd6 62. Kh5 Kd7 63. Kg6 Kd6 64. Rd5+ Ke6 65. Rb5 Kd6 66. Ra5 Kd7 67. Ra6 Kc7 68. Bf5 Kb7 69. Re6 Kc7 70. Kf6 Rxf5+ 71. Kxf5 Kd7 72. Rg6 Ke7 73. Ke5 Kf7 74. Ra6 Ke7 75. Ra7+ Kd8 76. Kd6 Bf4+ 77. Ke6 Be3 78. Rf7 Ke8 79. Rh7 Kd8 80. Rh5 Kc7 81. Rd5 Kc6 82. Rd8 Kc5 83. Ke5 Kc6 84. Rd6+ Kc5 85. Rd5+ Kc6 86. Ke4 Bf2 87. Ke5 Be3 88. Ke6 Bf2 89. Rd7 Be3 90. Ke7 Kc5 91. Ke6 Kb4 92. Rc7 Bd2 93. Rc4+ Kb3 94. Kd5 Bc3 95. Ke4 Bb2 96. Rxd4 Bxd4 97. Kxd4 Kb4 1-0

[Event "Titled Tuesday intern op 11th Jul Early"]
[Site "Chess.com INT"]
[Date "2023.07.11"]
[Round "6"]
[White "Jarovinsky, Alexey"]
[Black "Rottenwohrer Suarez, Juan"]
[Result "1-0"]
[WhiteElo "2305"]
[BlackElo "2271"]
[PlyCount "95"]
[EventDate "2023.07.11"]
[EventType "swiss (blitz)"]
[EventRounds "11"]
[EventCountry "USA"]
[SourceTitle "EXT 2024"]
[Source "ChessBase"]
[SourceDate "2023.10.10"]
[SourceVersion "1"]
[SourceVersionDate "2023.10.10"]
[SourceQuality "1"]

1. Nc3 c5 2. e4 g6 3. g3 Nc6 4. Bg2 Bg7 5. d3 Rb8 6. Be3 d6 7. Qd2 b5 8. Nge2 a5 9. 0-0 Nf6 10. Bh6 0-0 11. Bxg7 Kxg7 12. h3 b4 13. Nd1 Nd4 14. f4 Ba6 15. Ne3 Nh5 16. Kh2 f5 17. exf5 gxf5 18. c3 bxc3 19. bxc3 Ne6 20. Bf3 Qe8 21. Rab1 Rxb1 22. Rxb1 Nc7 23. d4 cxd4 24. Nxd4 e6 25. Qd1 Nf6 26. Rb6 d5 27. Nxe6+ Nxe6 28. Rxa6 Nc5 29. Nxf5+ Kh8 30. Rxa5 Nce4 31. Qd4 Qe6 32. g4 Qd7 33. Ra7 Qe6 34. Re7 Qc8 35. Bxe4 dxe4 36. c4 Kg8 37. Kg3 Kh8 38. Kh4 Kg8 39. c5 Kh8 40. Kg3 Kg8 41. Nd6 Qa6 42. Qe5 Qe2 43. Kh4 Qf2+ 44. Kg5 h6+ 45. Kg6 Qh4 46. Rg7+ Kh8 47. Nf7+ Rxf7 48. Qb8+ 1-0

[Event "Titled Tuesday intern op 11th Jul Early"]
[Site "Chess.com INT"]
[Date "2023.07.11"]
[Round "5"]
[White "Namitbir, Singh Walia"]
[Black "Jarovinsky, Alexey"]
[Result "0-1"]
[WhiteElo "2364"]
[BlackElo "2305"]
[PlyCount "52"]
[EventDate "2023.07.11"]
[EventType "swiss (blitz)"]
[EventRounds "11"]
[EventCountry "USA"]
[SourceTitle "EXT 2024"]
[Source "ChessBase"]
[SourceDate "2023.10.10"]
[SourceVersion "1"]
[SourceVersionDate "2023.10.10"]
[SourceQuality "1"]

1. e4 Nc6 2. d4 d5 3. e5 Bf5 4. c3 e6 5. Bd3 Nge7 6. Ne2 f6 7. f4 h5 8. Be3 Qd7 9. Na3 Bxd3 10. Qxd3 Nf5 11. Bf2 Bxa3 12. bxa3 Na5 13. Ng3 Nxg3 14. hxg3 f5 15. g4 fxg4 16. Bh4 Nc4 17. Bg5 Kf7 18. Rb1 b6 19. 0-0 g6 20. Bh4 Rhf8 21. Rb3 Kg7 22. Qe2 Rf5 23. Bf6+ Kf7 24. Re1 a5 25. g3 Qa4 26. Reb1 Nxa3 0-1

[Event "Titled Tuesday intern op 11th Jul Early"]
[Site "Chess.com INT"]
[Date "2023.07.11"]
[Round "1"]
[White "Sztokbant, Bernardo Vainzoff"]
[Black "Jarovinsky, Alexey"]
[Result "0-1"]
[WhiteElo "2213"]
[BlackElo "2305"]
[PlyCount "70"]
[EventDate "2023.07.11"]
[EventType "swiss (blitz)"]
[EventRounds "11"]
[EventCountry "USA"]
[SourceTitle "EXT 2024"]
[Source "ChessBase"]
[SourceDate "2023.10.10"]
[SourceVersion "1"]
[SourceVersionDate "2023.10.10"]
[SourceQuality "1"]

1. e4 Nc6 2. f4 d5 3. e5 d4 4. Bc4 Bf5 5. d3 e6 6. Nf3 Bb4+ 7. Nbd2 h6 8. 0-0 Bxd2 9. Bxd2 Nge7 10. Qe2 Nd5 11. Qf2 Nde7 12. Bb5 a6 13. Ba4 0-0 14. h3 b5 15. Bb3 Qd7 16. g4 Bh7 17. Qg3 a5 18. a3 a4 19. Ba2 Kh8 20. Rae1 Rab8 21. h4 b4 22. Bc4 bxa3 23. bxa3 Rb2 24. Rc1 Nd5 25. Rfe1 Nb6 26. Ba6 Nd5 27. h5 Ra8 28. Bc4 Nb6 29. g5 Nxc4 30. dxc4 Bxc2 31. Kh1 Ne7 32. Qg2 Nf5 33. Nh4 Ra6 34. Nxf5 exf5 35. Rg1 Be4 0-1

[Event "Titled Tuesday intern op 30th May Late"]
[Site "Chess.com INT"]
[Date "2023.05.30"]
[Round "9"]
[White "Kourkoulos Arditis, Stamatis"]
[Black "Jarovinsky, Alexey"]
[Result "1-0"]
[WhiteElo "2539"]
[BlackElo "2305"]
[PlyCount "81"]
[EventDate "2023.05.30"]
[EventType "swiss (blitz)"]
[EventRounds "11"]
[EventCountry "USA"]
[SourceTitle "CBM 214 Extra"]
[Source "ChessBase"]
[SourceDate "2023.07.31"]
[SourceVersion "1"]
[SourceVersionDate "2023.07.31"]
[SourceQuality "1"]

1. Nf3 g6 2. c4 Bg7 3. g3 c6 4. Bg2 e5 5. 0-0 Ne7 6. Nc3 d5 7. cxd5 cxd5 8. d3 Nbc6 9. Bg5 f6 10. Bd2 Be6 11. a3 0-0 12. b4 Qd7 13. Re1 Nd8 14. Qa4 Nf7 15. Rec1 Rfc8 16. Be1 Bh6 17. e3 d4 18. Qxd7 Bxd7 19. Ne4 Rxc1 20. Rxc1 dxe3 21. Rc7 Bb5 22. Rxe7 Bxd3 23. Nxf6+ Kf8 24. Rxb7 e2 25. Nxh7+ Kg8 26. Nf6+ Kf8 27. Nd7+ Kg8 28. Nfxe5 Nxe5 29. Nxe5 Rd8 30. Nxd3 Rxd3 31. Re7 Rxa3 32. Rxe2 Ra1 33. Bd5+ Kh8 34. Kg2 Bg7 35. Re8+ Kh7 36. Bg8+ Kh6 37. Bd2+ g5 38. Re6+ Kh5 39. Bf7+ Kg4 40. h3+ Kf5 41. g4# 1-0

[Event "Titled Tuesday intern op 17th May Early"]
[Site "Chess.com INT"]
[Date "2022.05.17"]
[Round "1"]
[White "Jarovinsky, Alexey"]
[Black "Keller, Peter1111"]
[Result "1-0"]
[WhiteElo "2305"]
[BlackElo "2377"]
[PlyCount "87"]
[EventDate "2022.05.17"]
[EventType "swiss (blitz)"]
[EventRounds "11"]
[EventCountry "USA"]
[SourceTitle "CBM 208 Extra"]
[Source "ChessBase"]
[SourceDate "2022.07.31"]
[SourceVersion "1"]
[SourceVersionDate "2022.07.31"]
[SourceQuality "1"]

1. Nc3 Nf6 2. e4 e5 3. Nf3 Nc6 4. Bb5 Bd6 5. Bxc6 dxc6 6. h3 0-0 7. d3 Nd7 8. 0-0 Re8 9. Ne2 Nf8 10. Ng3 Ng6 11. Re1 c5 12. a4 a5 13. b3 b6 14. Nd2 Nf4 15. Nc4 Qf6 16. Nh5 Nxh5 17. Qxh5 Be6 18. Re3 Qg6 19. Qe2 f5 20. exf5 Bxf5 21. Bb2 e4 22. Nxd6 Qxd6 23. dxe4 Bg6 24. Rd1 Qc6 25. Re1 Re7 26. f4 Rae8 27. Be5 Rd7 28. h4 Red8 29. h5 Bf7 30. Qg4 Qh6 31. Rh3 Re7 32. Ree3 Be6 33. f5 Bc8 34. Bf4 Qc6 35. e5 Rde8 36. e6 c4 37. Rhg3 Qc5 38. Kh2 cxb3 39. cxb3 Kh8 40. h6 g6 41. Be5+ Kg8 42. fxg6 Bxe6 43. gxh7+ Kxh7 44. Qg6# 1-0

[Event "Titled Tuesday intern op 10th May Early"]
[Site "Chess.com INT"]
[Date "2022.05.10"]
[Round "11"]
[White "Jarovinsky, Alexey"]
[Black "Derraugh, Geordie"]
[Result "1-0"]
[WhiteElo "2305"]
[BlackElo "2177"]
[PlyCount "63"]
[EventDate "2022.05.10"]
[EventType "swiss (blitz)"]
[EventRounds "11"]
[EventCountry "USA"]
[SourceTitle "CBM 208 Extra"]
[Source "ChessBase"]
[SourceDate "2022.07.31"]
[SourceVersion "1"]
[SourceVersionDate "2022.07.31"]
[SourceQuality "1"]

1. Nc3 Nc6 2. d4 e6 3. d5 exd5 4. Nxd5 Bd6 5. e4 h6 6. Bc4 Nf6 7. Nf3 0-0 8. Nxf6+ Qxf6 9. 0-0 Ne5 10. Bb3 b6 11. Nd4 Qh4 12. f4 Ng4 13. h3 Nf6 14. e5 Ba6 15. c4 Bc5 16. exf6 Qxf6 17. Be3 Rae8 18. Bf2 Qxf4 19. Nf3 Bd6 20. Qd2 Qf6 21. Bd4 Qg6 22. Bc2 Qh5 23. Qd3 f5 24. Rae1 Rxe1 25. Rxe1 Bb7 26. Rf1 Qg6 27. Rf2 Be4 28. Qd2 Bg3 29. Rf1 Bd6 30. Ne5 Qe6 31. Bxe4 Bxe5 32. Bd5 1-0

[Event "Titled Tuesday intern op 10th May Early"]
[Site "Chess.com INT"]
[Date "2022.05.10"]
[Round "3"]
[White "Keymer, Vincent"]
[Black "Jarovinsky, Alexey"]
[Result "1-0"]
[WhiteElo "2667"]
[BlackElo "2305"]
[PlyCount "111"]
[EventDate "2022.05.10"]
[EventType "swiss (blitz)"]
[EventRounds "11"]
[EventCountry "USA"]
[SourceTitle "CBM 208 Extra"]
[Source "ChessBase"]
[SourceDate "2022.07.31"]
[SourceVersion "1"]
[SourceVersionDate "2022.07.31"]
[SourceQuality "1"]

1. Nf3 Nc6 2. d4 d6 3. g3 e5 4. dxe5 Nxe5 5. Bg2 Nxf3+ 6. exf3 Nf6 7. 0-0 Be7 8. f4 0-0 9. c4 c6 10. Nc3 Be6 11. Qd3 Qa5 12. Bd2 Qc5 13. b3 d5 14. cxd5 Nxd5 15. Nxd5 Bxd5 16. Rac1 Qd6 17. Bxd5 cxd5 18. Be3 Rfd8 19. Rfd1 Bf6 20. Bd4 Bxd4 21. Qxd4 Qa6 22. a4 Rd7 23. Rc5 Rad8 24. Qe5 Qe6 25. Qxe6 fxe6 26. Kf1 Re8 27. h4 Kf7 28. Rd3 Kf6 29. Ke2 e5 30. fxe5+ Rxe5+ 31. Kf3 Ke6 32. g4 Kd6 33. Rc8 Rf7+ 34. Kg3 Rd7 35. h5 h6 36. f3 a6 37. Rf8 Kc5 38. Kf4 Re6 39. Kf5 Rc6 40. Kf4 Kb4 41. Rf5 d4 42. Ke4 Re6+ 43. Re5 Red6 44. f4 b5 45. axb5 axb5 46. g5 Rd8 47. g6 R8d7 48. f5 Ka3 49. Rxb5 Kb2 50. Rc5 Rd8 51. b4 Rb6 52. b5 Re8+ 53. Re5 Rxe5+ 54. Kxe5 Rxb5+ 55. Ke4 Rb7 56. f6 1-0

[Event "Speed Chess GP4"]
[Site "Chess.com INT"]
[Date "2021.10.09"]
[Round "10"]
[White "Jarovinsky, Alexey"]
[Black "Sadovsky, Artem"]
[Result "0-1"]
[WhiteElo "2305"]
[BlackElo "2317"]
[PlyCount "64"]
[EventDate "2021.10.09"]
[EventType "swiss (blitz)"]
[EventRounds "10"]
[EventCountry "USA"]
[SourceTitle "CBM 204 Extra"]
[Source "ChessBase"]
[SourceDate "2021.11.30"]
[SourceVersion "1"]
[SourceVersionDate "2021.11.30"]
[SourceQuality "1"]

1. Nc3 g6 2. h4 h5 3. d4 Bg7 4. Nf3 d6 5. e4 e5 6. dxe5 dxe5 7. Qxd8+ Kxd8 8. Ng5 Nh6 9. Be3 c6 10. Bc4 f6 11. Nf7+ Nxf7 12. Bxf7 Bh6 13. Bxg6 Bxe3 14. fxe3 Ke7 15. Bf5 Na6 16. Bxc8 Raxc8 17. Ne2 Rhg8 18. Kf2 Rg4 19. Ng3 Rcg8 20. Rh3 Nc5 21. Kf3 Ke6 22. Rg1 a5 23. Nxh5 Nxe4 24. Nf4+ Kf5 25. Ne2 Rh8 26. Rgh1 Rhg8 27. R1h2 Rd8 28. Ng3+ Rxg3+ 29. Rxg3 Rd2 30. Rg5+ fxg5 31. g4+ Ke6 32. Kxe4 Rxh2 0-1

[Event "Speed Chess GP4"]
[Site "Chess.com INT"]
[Date "2021.10.09"]
[Round "1"]
[White "Kazarian, Anna Maja"]
[Black "Jarovinsky, Alexey"]
[Result "0-1"]
[WhiteElo "2125"]
[BlackElo "2305"]
[PlyCount "56"]
[EventDate "2021.10.09"]
[EventType "swiss (blitz)"]
[EventRounds "10"]
[EventCountry "USA"]
[SourceTitle "CBM 204 Extra"]
[Source "ChessBase"]
[SourceDate "2021.11.30"]
[SourceVersion "1"]
[SourceVersionDate "2021.11.30"]
[SourceQuality "1"]

1. e4 Nc6 2. d4 d5 3. e5 f6 4. f4 Nh6 5. Nf3 Bg4 6. Be2 Nf5 7. c3 e6 8. 0-0 Be7 9. h3 Bxf3 10. Bxf3 fxe5 11. fxe5 0-0 12. Bg4 Bg5 13. Bxf5 exf5 14. Nd2 Qd7 15. Nf3 Bxc1 16. Qxc1 Nd8 17. Qg5 Ne6 18. Qg3 c5 19. dxc5 Nxc5 20. Nd4 Ne4 21. Qe3 g6 22. Rf3 Rae8 23. Raf1 Rxe5 24. Qf4 Ree8 25. h4 Qd6 26. Qh6 Nf6 27. h5 Ng4 28. Qg5 Qh2# 0-1

[Event "Titled Tuesday intern op 31st Aug"]
[Site "Chess.com INT"]
[Date "2021.08.31"]
[Round "10"]
[White "Jarovinsky, Alexey"]
[Black "Strybuk, Artsiom I"]
[Result "1-0"]
[WhiteElo "2305"]
[BlackElo "2241"]
[PlyCount "35"]
[EventDate "2021.08.31"]
[EventType "swiss (blitz)"]
[EventRounds "11"]
[EventCountry "USA"]
[SourceTitle "EXT 2022"]
[Source "ChessBase"]
[SourceDate "2021.10.06"]
[SourceVersion "1"]
[SourceVersionDate "2021.10.06"]
[SourceQuality "1"]

1. Nc3 c5 2. e4 Nc6 3. Bb5 Nd4 4. Nf3 Nxb5 5. Nxb5 d6 6. d4 Nf6 7. 0-0 Nxe4 8. Re1 d5 9. c4 a6 10. cxd5 axb5 11. Rxe4 Qxd5 12. Re5 Qd8 13. Rxc5 Bd7 14. Ne5 g6 15. Rd5 Bg7 16. Rxd7 Qxd7 17. Nxd7 Kxd7 18. Qf3 1-0

[Event "Titled Tuesday intern op 31st Aug"]
[Site "Chess.com INT"]
[Date "2021.08.31"]
[Round "3"]
[White "Jarovinsky, Alexey"]
[Black "Suvorov, Luca"]
[Result "1-0"]
[WhiteElo "2305"]
[BlackElo "2292"]
[PlyCount "56"]
[EventDate "2021.08.31"]
[EventType "swiss (blitz)"]
[EventRounds "11"]
[EventCountry "USA"]
[SourceTitle "EXT 2022"]
[Source "ChessBase"]
[SourceDate "2021.10.06"]
[SourceVersion "1"]
[SourceVersionDate "2021.10.06"]
[SourceQuality "1"]

1. Nc3 d5 2. e4 d4 3. Nce2 c5 4. Ng3 e5 5. Bc4 a6 6. d3 b5 7. Bd5 Ra7 8. a4 Rd7 9. axb5 axb5 10. Ra8 Bb7 11. Bxb7 Rxb7 12. f4 g6 13. Nf3 Bg7 14. Nxe5 Bxe5 15. fxe5 h5 16. 0-0 h4 17. Ne2 Ne7 18. Bg5 Rh5 19. Bf6 Qc7 20. Nf4 Rh7 21. Nd5 Nxd5 22. exd5 Ra7 23. Rxa7 Qxa7 24. e6 Qb7 25. Qg4 Qxd5 26. exf7+ Kxf7 27. Be5+ Ke7 28. Qxg6 h3 1-0

[Event "Titled Tuesday intern op 24th Aug"]
[Site "Chess.com INT"]
[Date "2021.08.24"]
[Round "4"]
[White "Jarovinsky, Alexey"]
[Black "Goncharov, Vladimir"]
[Result "0-1"]
[WhiteElo "2305"]
[BlackElo "2077"]
[PlyCount "96"]
[EventDate "2021.08.24"]
[EventType "swiss (blitz)"]
[EventRounds "11"]
[EventCountry "USA"]
[SourceTitle "EXT 2022"]
[Source "ChessBase"]
[SourceDate "2021.10.06"]
[SourceVersion "1"]
[SourceVersionDate "2021.10.06"]
[SourceQuality "1"]

1. Nc3 d5 2. e4 e6 3. g3 Nf6 4. Bg2 dxe4 5. Nxe4 Nxe4 6. Bxe4 Nd7 7. Bg2 e5 8. Nf3 Bc5 9. 0-0 0-0 10. Re1 Re8 11. d4 exd4 12. Rxe8+ Qxe8 13. Bf4 c6 14. Nxd4 Nf6 15. Qd3 Bg4 16. h3 Rd8 17. c3 Be6 18. Re1 Bxd4 19. cxd4 Nd5 20. Bg5 f6 21. Bd2 Qd7 22. h4 Bf7 23. Kh2 Nb6 24. Bc3 Bxa2 25. Bh3 Qd6 26. h5 Bf7 27. h6 Nd5 28. hxg7 Kxg7 29. Bd2 Re8 30. Ra1 a6 31. Qf3 Bg6 32. Qg4 h5 33. Qf3 Qc7 34. Ba5 Qe7 35. Re1 Qf7 36. Bf5 Rxe1 37. Bxe1 Qe7 38. Bxg6 Kxg6 39. Qd3+ f5 40. Bc3 Qe4 41. Qd2 f4 42. Ba5 fxg3+ 43. fxg3 Ne3 44. Kg1 Nf5 45. Bc3 Nxg3 46. d5 cxd5 47. Kf2 h4 48. Qd1 Qf4+ 0-1